| 000 | 01077nam a2200313 4500 | ||
|---|---|---|---|
| 001 | 94155 | ||
| 003 | DO-SdBNP | ||
| 005 | 20230517121526.0 | ||
| 007 | 94155 | ||
| 008 | 910617s1989 sp spa | ||
| 020 | _a8437608120 | ||
| 040 |
_aBPMSU _bspa _cBPMSU |
||
| 082 | 4 |
_a862.3 _bC146f 1989 _222 |
|
| 100 | 1 |
_aCalderón de la Barca, Pedro _d1600-1681 |
|
| 245 | 1 | 3 |
_aLa fiera, el rayo y la piedra / _cPedro Calderón de la Barca ; edición de Aurora Egido |
| 260 |
_aMadrid : _bCátedra, _c1989 |
||
| 300 |
_a404 p. ; _bil. : _c20 cm. |
||
| 490 | 0 |
_aLetras hispánicas _v299 |
|
| 500 | _aIncluye referencias bibliográficas y notas a pie de página. | ||
| 504 | _aBibliografía: p. 125-127 | ||
| 590 | _aInventariado, 2023/VM | ||
| 600 | 1 | 4 |
_aCalderón de la Barca, Pedro, _d1600-1681 _xCrítica e interpretación |
| 650 | 4 |
_aComedia española _xhistoria y crítica |
|
| 650 | 4 |
_aTeatro español _x Historia y crítica |
|
| 650 | 4 |
_aComedia española _ySiglo XVII |
|
| 700 | 1 |
_aEgido, Aurora _eed. |
|
| 910 | _aVMateo V. Control de calidad (BPMSU) | ||
| 942 |
_2ddc _cBK |
||
| 999 |
_c8776 _d8776 |
||